Thiết kế bài giảng tiếng Việt 2 T.1

Đã lưu trong:
书目详细资料
主要作者: Nguyễn, Trại
其他作者: Lê, Thị Thu Huyền
格式: 图书
语言:Undetermined
出版: H. Hà Nội 2004
主题:
在线阅读:http://lrc.tdmu.edu.vn/opac/search/detail.asp?aID=2&ID=4436
标签: 添加标签
没有标签, 成为第一个标记此记录!
Thư viện lưu trữ: Trung tâm Học liệu Trường Đại học Thủ Dầu Một
LEADER 00692nam a2200217Ia 4500
001 TDMU_4436
008 210410s9999 xx 000 0 und d
082 |a 372.6072 
090 |b NG525 
100 |a Nguyễn, Trại 
245 0 |a Thiết kế bài giảng tiếng Việt 2 
245 0 |c Nguyễn Trại 
245 0 |n T.1 
260 |a H. 
260 |b Hà Nội 
260 |c 2004 
300 |a 416tr 
650 |a Tiếng Việt  |x Giảng dạy và học tập; Sách lớp 2 
700 |a Lê, Thị Thu Huyền 
856 |u http://lrc.tdmu.edu.vn/opac/search/detail.asp?aID=2&ID=4436 
980 |a Trung tâm Học liệu Trường Đại học Thủ Dầu Một